[Event "Barcelona Sant Marti op-A 23rd"]
[Site "Barcelona"]
[Date "2023.07.21"]
[Round "9"]
[White "Gijsen, William"]
[Black "Comellas Blanchart, Jordi"]
[Result "1-0"]
[WhiteElo "2144"]
[BlackElo "1986"]
[PlyCount "61"]
[EventDate "2023.07.13"]
[EventType "swiss"]
[EventRounds "9"]
[EventCountry "ESP"]
[SourceTitle "CBM 215 Extra"]
[Source "ChessBase"]
[SourceDate "2023.09.30"]
[SourceVersion "1"]
[SourceVersionDate "2023.09.30"]
[SourceQuality "1"]

1. e4 c6 2. d4 d5 3. e5 c5 4. dxc5 e6 5. a3 Bxc5 6. b4 Be7 7. Qg4 g6 8. Bd3 a5 9. b5 Nd7 10. Nf3 Qc7 11. Qg3 Nc5 12. 0-0 b6 13. Be3 Bb7 14. Nbd2 0-0-0 15. Nd4 h5 16. f4 Nh6 17. h3 h4 18. Qf2 Rdg8 19. N2f3 Nf5 20. Rfc1 Ne4 21. Bxe4 dxe4 22. Nxf5 gxf5 23. Ng5 Bc5 24. Bxc5 bxc5 25. b6 Qc6 26. Qe3 f6 27. exf6 e5 28. fxe5 f4 29. Qxf4 e3 30. Qg4+ Kb8 31. f7 1-0

[Event "Barcelona Sant Marti op-A 23rd"]
[Site "Barcelona"]
[Date "2023.07.19"]
[Round "7"]
[White "Gijsen, William"]
[Black "Vivaan, Vijay Saraogi"]
[Result "0-1"]
[WhiteElo "2144"]
[BlackElo "1739"]
[PlyCount "50"]
[EventDate "2023.07.13"]
[EventType "swiss"]
[EventRounds "9"]
[EventCountry "ESP"]
[SourceTitle "CBM 215 Extra"]
[Source "ChessBase"]
[SourceDate "2023.09.30"]
[SourceVersion "1"]
[SourceVersionDate "2023.09.30"]
[SourceQuality "1"]

1. e4 c5 2. Nf3 d6 3. Nc3 Nf6 4. d4 cxd4 5. Nxd4 a6 6. g3 b5 7. Bg2 Bb7 8. 0-0 Nbd7 9. Qe2 Qc7 10. a3 g6 11. f4 Bg7 12. e5 dxe5 13. fxe5 Nh5 14. Ndxb5 axb5 15. Nxb5 Qb8 16. g4 Nxe5 17. gxh5 Bxg2 18. Qxg2 Ra4 19. Qd5 Rg4+ 20. Kh1 0-0 21. Bf4 e6 22. Bxe5 Bxe5 23. Qb3 Bxh2 24. Qh3 Rg5 25. Qxh2 Qb7+ 0-1

[Event "Prague op 21st"]
[Site "Prague"]
[Date "2023.01.07"]
[Round "3"]
[White "Gijsen, William"]
[Black "Soucek, Petr"]
[Result "1-0"]
[WhiteElo "2144"]
[BlackElo "2250"]
[PlyCount "107"]
[EventDate "2023.01.06"]
[EventType "swiss"]
[EventRounds "9"]
[EventCountry "CZE"]
[SourceTitle "CBM 212 Extra"]
[Source "ChessBase"]
[SourceDate "2023.03.31"]
[SourceVersion "1"]
[SourceVersionDate "2023.03.31"]
[SourceQuality "1"]

1. e4 e5 2. Nc3 Nf6 3. f4 d5 4. fxe5 Nxe4 5. Qf3 f5 6. d3 Nxc3 7. bxc3 d4 8. c4 Nc6 9. Qg3 Be6 10. Be2 Bb4+ 11. Kf2 Qd7 12. Bh5+ g6 13. Bf3 0-0-0 14. Bg5 Rdf8 15. Rb1 a5 16. Qf4 b6 17. Ne2 Bc5 18. Bxc6 Qxc6 19. Qf3 Bd7 20. Nf4 Qxf3+ 21. gxf3 Re8 22. Rbe1 b5 23. e6 Bc6 24. cxb5 Bb7 25. Rhg1 Bd6 26. Bh6 Rhg8 27. h4 a4 28. Re2 a3 29. Bg5 Rh8 30. Nh3 Bd5 31. Bf6 Rhf8 32. Bxd4 Rxe6 33. Rxe6 Bxe6 34. c4 Rd8 35. Re1 Bg8 36. Bf6 Bc5+ 37. Ke2 Rf8 38. Be5 Be7 39. Bg3 Kd7 40. Kd1 Ra8 41. Kc2 Bf6 42. Kb3 c6 43. b6 Ra6 44. Bf2 c5 45. Bxc5 Ra5 46. Kb4 Ra8 47. Kb5 Bxh4 48. Re2 Bd8 49. Be3 Bf7 50. Bf4 Bxb6 51. Kxb6 Ra4 52. Kb5 Ra8 53. Kb4 Ra7 54. Re5 1-0

[Event "Chania Theodorakis Memorial 1st"]
[Site "Chania"]
[Date "2022.04.26"]
[Round "2"]
[White "Gijsen, William"]
[Black "Mastrovasilis, Athanasios"]
[Result "0-1"]
[WhiteElo "2022"]
[BlackElo "2540"]
[PlyCount "122"]
[EventDate "2022.04.25"]
[EventType "swiss"]
[EventRounds "9"]
[EventCountry "GRE"]
[SourceTitle "CBM 208 Extra"]
[Source "ChessBase"]
[SourceDate "2022.07.31"]
[SourceVersion "1"]
[SourceVersionDate "2022.07.31"]
[SourceQuality "1"]

1. e4 c5 2. Nf3 Nc6 3. Bb5 g6 4. c3 Nf6 5. e5 Nd5 6. 0-0 Bg7 7. Re1 0-0 8. d4 cxd4 9. cxd4 d6 10. h3 dxe5 11. dxe5 Ndb4 12. Qe2 a6 13. Bxc6 Nxc6 14. Bf4 Nd4 15. Nxd4 Qxd4 16. Bg5 Re8 17. Nc3 Be6 18. Rad1 Qc5 19. Bf4 Rac8 20. Rc1 Qb4 21. Bg3 Rc4 22. Rcd1 h5 23. Nd5 Bxd5 24. Rxd5 h4 25. a3 Qa4 26. Bh2 Rc2 27. Qd3 Rxb2 28. e6 Qc2 29. exf7+ Kxf7 30. Qe3 Rb1 31. Be5 Rxe1+ 32. Qxe1 Qf5 33. f4 Bxe5 34. Rxe5 Qxf4 35. Re4 Qg3 36. Qf1+ Kg7 37. Rf4 Qe3+ 38. Kh1 Rc8 39. Kh2 Rc1 40. Rf7+ Kh6 41. Qf4+ Qxf4+ 42. Rxf4 g5 43. Rb4 Rc7 44. Rb6+ Kg7 45. Kg1 Kf7 46. a4 Rc4 47. a5 Rc5 48. Rxb7 Rxa5 49. Kf2 Ra3 50. Rb8 a5 51. Ra8 a4 52. Ke2 Kf6 53. Kf2 e5 54. Rf8+ Ke6 55. Rg8 Rg3 56. Ra8 a3 57. Ra6+ Kd5 58. Ra5+ Kd4 59. Ra4+ Kc5 60. Ra5+ Kb4 61. Rxe5 a2 0-1

[Event "Wachtebeke op"]
[Site "Wachtebeke"]
[Date "2022.02.26"]
[Round "1"]
[White "Gijsen, William"]
[Black "Jansen, Bob"]
[Result "0-1"]
[WhiteElo "2025"]
[BlackElo "2157"]
[PlyCount "42"]
[EventDate "2022.02.26"]
[EventType "swiss"]
[EventRounds "9"]
[EventCountry "BEL"]
[SourceTitle "CBM 207 Extra"]
[Source "ChessBase"]
[SourceDate "2022.05.31"]
[SourceVersion "1"]
[SourceVersionDate "2022.05.31"]
[SourceQuality "1"]

1. e4 e6 2. d4 d5 3. Nc3 Bb4 4. e5 c5 5. a3 Ba5 6. b4 cxd4 7. Nb5 Bc7 8. Nf3 Nc6 9. Bb2 f6 10. exf6 Nxf6 11. Nbxd4 0-0 12. Nxc6 bxc6 13. Ne5 c5 14. Bd3 c4 15. Be2 c3 16. Bxc3 Ne4 17. Bd4 Bxe5 18. Bxe5 Nxf2 19. Qd4 Nxh1 20. 0-0-0 Nf2 21. Bf3 Nxd1 0-1

[Event "Groningen op 57th"]
[Site "Groningen"]
[Date "2019.12.30"]
[Round "9"]
[White "Shakhverdian, William"]
[Black "Gijsen, William"]
[Result "1-0"]
[WhiteElo "2039"]
[BlackElo "1948"]
[PlyCount "93"]
[EventDate "2019.12.21"]
[EventType "swiss"]
[EventRounds "9"]
[EventCountry "NED"]
[SourceTitle "CBM 194 Extra"]
[Source "ChessBase"]
[SourceDate "2020.03.31"]
[SourceVersion "1"]
[SourceVersionDate "2020.03.31"]
[SourceQuality "1"]

1. d4 d5 2. c4 c6 3. Nf3 e6 4. e3 Nd7 5. Nbd2 Ngf6 6. b3 Be7 7. Bb2 0-0 8. Bd3 c5 9. cxd5 exd5 10. 0-0 b6 11. Ne5 Nxe5 12. dxe5 Ng4 13. h3 Nh6 14. Qc2 g6 15. Rad1 Be6 16. f4 Qd7 17. Nf3 b5 18. Qe2 a6 19. Kh2 Rac8 20. Bc2 Qc7 21. g4 Kh8 22. Rg1 Rg8 23. Rg3 Rg7 24. Rdg1 Rcg8 25. Kh1 Qc8 26. Ng5 Rf8 27. Nf3 c4 28. Bd4 Bc5 29. Kh2 Ng8 30. f5 gxf5 31. gxf5 Rxg3 32. Rxg3 Bxd4 33. Nxd4 Qc7 34. fxe6 Qxe5 35. Qf3 Nf6 36. Qf5 Qxf5 37. Bxf5 fxe6 38. Nxe6 Rf7 39. bxc4 dxc4 40. Nd4 Re7 41. a3 Re5 42. Be6 c3 43. Bb3 Nd5 44. e4 Nf6 45. Rxc3 Rxe4 46. Nf5 h5 47. Rc6 1-0

[Event "Groningen op 57th"]
[Site "Groningen"]
[Date "2019.12.27"]
[Round "6"]
[White "Gijsen, William"]
[Black "Pienabarca, Nicola"]
[Result "1-0"]
[WhiteElo "1948"]
[BlackElo "2077"]
[PlyCount "99"]
[EventDate "2019.12.21"]
[EventType "swiss"]
[EventRounds "9"]
[EventCountry "NED"]
[SourceTitle "CBM 194 Extra"]
[Source "ChessBase"]
[SourceDate "2020.03.31"]
[SourceVersion "1"]
[SourceVersionDate "2020.03.31"]
[SourceQuality "1"]

1. d4 Nf6 2. Bf4 e6 3. e3 c5 4. c3 Be7 5. Nd2 0-0 6. Bd3 b6 7. Ngf3 Bb7 8. 0-0 d5 9. Ne5 Nbd7 10. Ndf3 h6 11. Bg3 Ne4 12. Nxd7 Qxd7 13. Ne5 Qd8 14. f3 Nxg3 15. hxg3 Qc8 16. f4 Ba6 17. Kf2 Bxd3 18. Qxd3 Bd6 19. Nf3 Qe8 20. Rh1 f5 21. b3 Rc8 22. Rac1 c4 23. Qb1 cxb3 24. axb3 b5 25. Qd3 Rf7 26. c4 bxc4 27. bxc4 dxc4 28. Rxc4 Rxc4 29. Qxc4 Rc7 30. Qb3 Qc8 31. Rb1 Rc3 32. Qb5 Rc2+ 33. Kg1 Qc6 34. Qxc6 Rxc6 35. Ra1 Rc7 36. Ra6 Rd7 37. Kf2 Kf7 38. Ke2 Ke7 39. Ne5 Bxe5 40. fxe5 Rb7 41. Kf3 g5 42. g4 fxg4+ 43. Kxg4 Kf7 44. Kh5 Rb2 45. Rxa7+ Ke8 46. g4 Rh2+ 47. Kg6 Rh4 48. Kf6 Rxg4 49. Kxe6 Kd8 50. d5 1-0

[Event "Groningen op 57th"]
[Site "Groningen"]
[Date "2019.12.23"]
[Round "3"]
[White "Van Dael, Siem"]
[Black "Gijsen, William"]
[Result "1-0"]
[WhiteElo "2255"]
[BlackElo "1948"]
[PlyCount "125"]
[EventDate "2019.12.21"]
[EventType "swiss"]
[EventRounds "9"]
[EventCountry "NED"]
[SourceTitle "CBM 194 Extra"]
[Source "ChessBase"]
[SourceDate "2020.03.31"]
[SourceVersion "1"]
[SourceVersionDate "2020.03.31"]
[SourceQuality "1"]

1. e4 e5 2. Nf3 Nc6 3. Bc4 Nf6 4. d3 Be7 5. 0-0 d6 6. c3 Na5 7. Bb5+ c6 8. Ba4 b5 9. Bc2 c5 10. d4 Bg4 11. dxe5 Bxf3 12. Qxf3 dxe5 13. Bg5 0-0 14. Bxf6 Bxf6 15. Rd1 Qc7 16. Nd2 Nc6 17. Nf1 Rad8 18. Ne3 Ne7 19. a4 a6 20. Qg4 g6 21. Qe2 Qb7 22. Bd3 c4 23. Bc2 Bg5 24. Ng4 Nc6 25. axb5 axb5 26. Rd5 Ne7 27. Rdd1 Qc7 28. g3 h5 29. Ne3 Qc5 30. Ng2 Nc6 31. h4 Bh6 32. Kh2 Rxd1 33. Rxd1 Rd8 34. Rxd8+ Nxd8 35. f4 exf4 36. Nxf4 Bxf4 37. gxf4 Ne6 38. Qd2 Kg7 39. Kg2 Qe7 40. f5 gxf5 41. exf5 Nc5 42. Qd4+ f6 43. Qf2 Qe5 44. Qf3 Qe8 45. Qg3+ Kh7 46. Qc7+ Nd7 47. Kf2 Qe7 48. Bd1 Kh6 49. Bf3 Qc5+ 50. Qxc5 Nxc5 51. Ke3 Nd3 52. Kd4 Nxb2 53. Bc6 Nd3 54. Bxb5 Ne5 55. Bxc4 Nf3+ 56. Ke4 Nxh4 57. Bf1 Kg7 58. Kf4 Kf7 59. Bh3 Ke7 60. Kg3 Nxf5+ 61. Bxf5 Kd6 62. Kh4 Kd5 63. Bd3 1-0

[Event "Hoogeveen op 23rd"]
[Site "Hoogeveen"]
[Date "2019.10.24"]
[Round "7"]
[White "Nicolai, Amir"]
[Black "Gijsen, William"]
[Result "1-0"]
[WhiteElo "2117"]
[BlackElo "2091"]
[PlyCount "47"]
[EventDate "2019.10.19"]
[EventType "swiss"]
[EventRounds "9"]
[EventCountry "NED"]
[SourceTitle "CBM 192 Extra"]
[Source "Chessbase"]
[SourceDate "2019.11.06"]
[SourceVersion "1"]
[SourceVersionDate "2019.11.06"]
[SourceQuality "1"]

1. b4 e5 2. a3 d5 3. Bb2 Bd6 4. c4 dxc4 5. e3 Be6 6. Qc2 Nd7 7. Nf3 b5 8. d3 Bf5 9. e4 cxd3 10. Bxd3 Bg4 11. Bxb5 Bxf3 12. gxf3 Ngf6 13. Nd2 0-0 14. Nc4 Rb8 15. Bc6 Qe7 16. 0-0-0 Nb6 17. Ne3 Qe6 18. Rhg1 Rfd8 19. f4 exf4 20. Bd5 Nbxd5 21. exd5 Qh3 22. Bxf6 fxe3 23. Rxg7+ Kf8 24. Rxh7 1-0

[Event "Hoogeveen op 23rd"]
[Site "Hoogeveen"]
[Date "2019.10.19"]
[Round "1"]
[White "Gijsen, William"]
[Black "Kaasen, Tor Fredrik"]
[Result "0-1"]
[WhiteElo "2091"]
[BlackElo "2415"]
[PlyCount "54"]
[EventDate "2019.10.19"]
[EventType "swiss"]
[EventRounds "9"]
[EventCountry "NED"]
[SourceTitle "CBM 192 Extra"]
[Source "Chessbase"]
[SourceDate "2019.11.06"]
[SourceVersion "1"]
[SourceVersionDate "2019.11.06"]
[SourceQuality "1"]

1. e4 c5 2. Nf3 d6 3. d4 cxd4 4. Nxd4 Nf6 5. Nc3 a6 6. Bg5 Nbd7 7. f4 Qc7 8. Qf3 e6 9. g4 b5 10. 0-0-0 Bb7 11. Bxf6 gxf6 12. h4 b4 13. Nce2 d5 14. Bg2 dxe4 15. Qe3 Nc5 16. Kb1 Rg8 17. Ng3 Rxg4 18. Nxe4 Qxf4 19. Nxf6+ Qxf6 20. Bxb7 Nxb7 21. Rhf1 Rxd4 22. Qxd4 Qxd4 23. Rxd4 Rd8 24. Rg4 f5 25. Rc4 Nc5 26. c3 Ne4 27. Rc6 Nd2+ 0-1

[Event "Glorney Cup"]
[Site "Dublin"]
[Date "2019.07.22"]
[Round "2"]
[White "Flynn, Jacob"]
[Black "Gijsen, William"]
[Result "0-1"]
[WhiteElo "1994"]
[BlackElo "2005"]
[PlyCount "88"]
[EventDate "2019.07.22"]
[EventType "team-tourn"]
[EventRounds "5"]
[EventCountry "IRL"]
[SourceTitle "CBM 191 Extra"]
[Source "ChessBase"]
[SourceDate "2019.09.30"]
[SourceVersion "1"]
[SourceVersionDate "2019.09.30"]
[SourceQuality "1"]
[WhiteTeam "Ireland"]
[BlackTeam "Netherlands"]
[WhiteTeamCountry "IRL"]
[BlackTeamCountry "NED"]

1. e4 c5 2. Nf3 d6 3. d4 cxd4 4. Nxd4 Nf6 5. f3 a6 6. c4 e6 7. Nc3 Be7 8. Be3 0-0 9. Be2 Nc6 10. Nc2 b6 11. Qd2 Bb7 12. Rd1 Qc7 13. 0-0 Rfd8 14. Qe1 Rac8 15. Qf2 Nd7 16. f4 Na5 17. Na3 Bf6 18. Nab5 axb5 19. Nxb5 Qb8 20. Nxd6 Bxe4 21. Nxe4 Bxb2 22. c5 Nxc5 23. Nxc5 Rxd1 24. Rxd1 bxc5 25. Bxc5 Bf6 26. Bf1 h6 27. Bd6 Qb7 28. a3 Qb3 29. Rd3 Qb1 30. g3 Rc1 31. Kg2 Nc4 32. Bb4 Rc2 33. Be2 Qb2 34. Kf3 e5 35. Re3 Nxe3 36. Qxe3 e4+ 37. Qxe4 Rc8 38. Bd3 g6 39. h4 Qa1 40. Kg2 Qd1 41. Kh3 Kg7 42. Be2 Qc2 43. Bd3 Qc6 44. Qe1 Qd7+ 0-1

[Event "Leiden op-A 13th"]
[Site "Leiden"]
[Date "2019.07.12"]
[Round "1"]
[White "Slingerland, Fred"]
[Black "Gijsen, William"]
[Result "0-1"]
[WhiteElo "2358"]
[BlackElo "2005"]
[PlyCount "50"]
[EventDate "2019.07.12"]
[EventType "swiss"]
[EventRounds "9"]
[EventCountry "NED"]
[SourceTitle "EXT 2020"]
[Source "ChessBase"]
[SourceDate "2019.10.17"]
[SourceVersion "1"]
[SourceVersionDate "2019.10.17"]
[SourceQuality "1"]

1. e4 c5 2. Nf3 d6 3. d4 cxd4 4. Nxd4 Nf6 5. Nc3 a6 6. Be2 Nbd7 7. 0-0 g6 8. Re1 Bg7 9. Bf1 0-0 10. Nd5 e6 11. Nxf6+ Nxf6 12. Nb3 d5 13. exd5 Qxd5 14. c3 b5 15. Be2 Qxd1 16. Rxd1 Bb7 17. a4 Bd5 18. Nc5 Rfc8 19. Be3 Bf8 20. b4 Bxc5 21. bxc5 Bb3 22. axb5 Bxd1 23. Rxd1 axb5 24. Bxb5 Nd5 25. Bd4 Nxc3 0-1

[Event "NED-ch U16"]
[Site "Assen"]
[Date "2017.04.26"]
[Round "5"]
[White "Emans, Job"]
[Black "Gijsen, William"]
[Result "0-1"]
[WhiteElo "1734"]
[BlackElo "1799"]
[PlyCount "86"]
[EventDate "2017.04.23"]
[EventType "swiss"]
[EventRounds "9"]
[EventCountry "NED"]
[SourceTitle "CBM 178 Extra"]
[Source "ChessBase"]
[SourceDate "2017.06.22"]
[SourceVersion "1"]
[SourceVersionDate "2017.06.22"]
[SourceQuality "1"]

1. e4 c5 2. Nf3 g6 3. d4 cxd4 4. Nxd4 Nc6 5. Nc3 Bg7 6. Be3 Nf6 7. Bc4 a5 8. Bb3 d6 9. f3 0-0 10. Qd2 Bd7 11. h4 Ne5 12. a4 Rc8 13. Bh6 Nc4 14. Bxc4 Rxc4 15. Bxg7 Kxg7 16. g4 Qb6 17. Nb3 e6 18. h5 d5 19. hxg6 fxg6 20. Qh6+ Kf7 21. Qf4 Ke8 22. Qg5 d4 23. Qxa5 Qxa5 24. Nxa5 Rb4 25. Ne2 b6 26. Nb3 d3 27. Ned4 dxc2 28. Kd2 e5 29. Kc3 Rxa4 30. Nxc2 Ke7 31. Ne3 Rc8+ 32. Kd2 Rb4 33. g5 Rxb3 34. gxf6+ Kxf6 35. Rxh7 Be6 36. Rb1 Rd8+ 37. Ke2 Rdd3 38. Nf1 Bc4 39. Nd2 Rd7+ 40. Kd1 Rxh7 41. Nxc4 Rh2 42. Kc1 Rxf3 43. Nd2 Rff2 0-1

[Event "NED-ch U16"]
[Site "Assen"]
[Date "2017.04.25"]
[Round "4"]
[White "Gijsen, William"]
[Black "Ten Have, Dimitri"]
[Result "1/2-1/2"]
[WhiteElo "1799"]
[BlackElo "1396"]
[PlyCount "174"]
[EventDate "2017.04.23"]
[EventType "swiss"]
[EventRounds "9"]
[EventCountry "NED"]
[SourceTitle "CBM 178 Extra"]
[Source "ChessBase"]
[SourceDate "2017.06.22"]
[SourceVersion "1"]
[SourceVersionDate "2017.06.22"]
[SourceQuality "1"]

1. e4 e5 2. Nf3 Nc6 3. c3 Nf6 4. d4 exd4 5. e5 Qe7 6. Qe2 d3 7. Qxd3 Nxe5 8. Nxe5 Qxe5+ 9. Be2 Bd6 10. Nd2 Qd5 11. Qe3+ Qe6 12. Nc4 Be7 13. Qg3 d6 14. Be3 Bd7 15. 0-0 0-0-0 16. Rfe1 a6 17. Bd4 d5 18. Bf3 Ne4 19. Bxe4 dxe4 20. Nd2 Qg4 21. Qxg4 Bxg4 22. Rxe4 Be6 23. Nf3 Rhg8 24. a3 h6 25. h3 Bd6 26. Ree1 b6 27. Ne5 Bxe5 28. Rxe5 g6 29. Rae1 Rd6 30. b4 Rgd8 31. Kh2 Rd5 32. Kg3 Rxe5 33. Rxe5 Rd5 34. Kf4 Rxe5 35. Kxe5 b5 36. g4 Kd7 37. Be3 h5 38. gxh5 gxh5 39. h4 c6 40. Kf4 Bc4 41. Ke5 Be6 42. Bc5 Bg4 43. Kf6 Ke8 44. Bd6 Bf3 45. Bf4 Bg4 46. Bg3 Bf3 47. Ke5 Kd7 48. Kd4 Kc8 49. Kc5 Kb7 50. Kd6 Kc8 51. Bf4 Kb7 52. Bh2 Kc8 53. Ke7 Bd5 54. Bf4 Kb7 55. Kd7 Be6+ 56. Ke7 Bd5 57. Be5 Kc8 58. Bd4 Kb7 59. Kd6 Be6 60. Be5 Bd5 61. Kc5 Be6 62. Bf6 Bd5 63. a4 Be6 64. f4 Bc4 65. Kd4 Bb3 66. axb5 axb5 67. Ke5 Kc8 68. Kd6 Kb7 69. Be5 Bc4 70. Ke7 Kc8 71. Bd4 Bb3 72. Kd6 Kb7 73. Kd7 Be6+ 74. Ke7 Bc4 75. Kf6 Kc8 76. Kg5 Be2 77. Kf6 Bc4 78. Bc5 Kd7 79. f5 Bb3 80. Be3 Bc4 81. Bc5 Bb3 82. Kg5 Bd1 83. Kh6 Bg4 84. Kg5 Be2 85. Kf6 Bc4 86. Kg7 Bb3 87. Kf8 Bc4 1/2-1/2

[Event "NED-ch U16"]
[Site "Assen"]
[Date "2017.04.24"]
[Round "2"]
[White "Gijsen, William"]
[Black "Baselmans, Luuk"]
[Result "0-1"]
[WhiteElo "1799"]
[BlackElo "1838"]
[PlyCount "72"]
[EventDate "2017.04.23"]
[EventType "swiss"]
[EventRounds "9"]
[EventCountry "NED"]
[SourceTitle "CBM 178 Extra"]
[Source "ChessBase"]
[SourceDate "2017.06.22"]
[SourceVersion "1"]
[SourceVersionDate "2017.06.22"]
[SourceQuality "1"]

1. e4 e6 2. d4 d5 3. Nd2 Nf6 4. Bd3 c5 5. dxc5 Bxc5 6. Nb3 Bb6 7. e5 Nfd7 8. Nf3 Nc6 9. Qe2 Qc7 10. Bf4 Nb4 11. 0-0 Nxd3 12. cxd3 Nb8 13. Nbd4 a6 14. Rac1 Nc6 15. Qd2 Bd7 16. b4 Qb8 17. Nb3 Ne7 18. d4 0-0 19. h4 Bb5 20. Rfe1 Nc6 21. h5 Bc4 22. Nc5 Qc7 23. Bh6 gxh6 24. Qxh6 Qe7 25. Ng5 f6 26. Ngxe6 Bxc5 27. Re3 Rf7 28. Rg3+ Kh8 29. Rg7 Rxg7 30. exf6 Rxg2+ 31. Kxg2 Rg8+ 32. Ng5 Qe4+ 33. f3 Qf5 34. f4 Qg4+ 35. Kh1 Rxg5 36. fxg5 Qh3+ 0-1

[Event "NED-ch U16"]
[Site "Rotterdam"]
[Date "2016.05.01"]
[Round "3"]
[White "Reichardt, Robin"]
[Black "Gijsen, William"]
[Result "1/2-1/2"]
[WhiteElo "1898"]
[BlackElo "1686"]
[PlyCount "111"]
[EventDate "2016.04.29"]
[EventType "swiss"]
[EventRounds "9"]
[EventCountry "NED"]
[SourceTitle "CBM 172 Extra"]
[Source "ChessBase"]
[SourceDate "2016.06.21"]
[SourceVersion "1"]
[SourceVersionDate "2016.06.21"]
[SourceQuality "1"]

1. d4 f5 2. g3 g6 3. Nf3 Nf6 4. Bg2 Bg7 5. c4 0-0 6. 0-0 d6 7. Nc3 Nc6 8. d5 Ne5 9. Nxe5 dxe5 10. e4 f4 11. f3 fxg3 12. hxg3 Nh5 13. Ne2 e6 14. Be3 exd5 15. Qxd5+ Qxd5 16. cxd5 b6 17. Kh2 Ba6 18. Rf2 Rf7 19. Rc1 Nf6 20. Bh3 Re7 21. Bd2 Ne8 22. Bb4 Nd6 23. Ng1 Bh6 24. Bd2 Bg7 25. Bg5 Ree8 26. Rxc7 h6 27. Bc1 Rf8 28. Rfc2 Nb5 29. Be6+ Kh8 30. Rf7 Nd4 31. Rc3 Nxe6 32. dxe6 Rxf7 33. exf7 Rc8 34. Rxc8+ Bxc8 35. Ne2 Be6 36. Nc3 Bxf7 37. a3 Kg8 38. Be3 Bc4 39. Kg2 Kf7 40. f4 h5 41. Kf3 Ke6 42. g4 Bf6 43. f5+ Kf7 44. fxg6+ Kxg6 45. gxh5+ Kxh5 46. Nd5 Bg5 47. Nb4 Bb5 48. Nd5 Bc4 49. Bxg5 Kxg5 50. Ne7 Be6 51. Nc6 Kf6 52. Nxa7 Bd7 53. b3 b5 54. Ke3 Ke6 55. a4 bxa4 56. bxa4 1/2-1/2

[Event "Rotterdam Pathena op"]
[Site "Rotterdam"]
[Date "2015.05.05"]
[Round "4"]
[White "Gijsen, William"]
[Black "Sandifort, Jerry"]
[Result "1-0"]
[WhiteElo "1198"]
[BlackElo "1360"]
[PlyCount "144"]
[EventDate "2015.05.02"]
[EventType "swiss"]
[EventRounds "7"]
[EventCountry "NED"]
[SourceTitle "CBM 166 Extra"]
[Source "ChessBase"]
[SourceDate "2015.06.18"]
[SourceVersion "1"]
[SourceVersionDate "2015.06.18"]
[SourceQuality "1"]

1. e4 e5 2. Nf3 Nc6 3. Bb5 Nge7 4. d3 d6 5. h3 Bd7 6. Nc3 Ng6 7. Be3 Be7 8. 0-0 0-0 9. Qd2 a6 10. Ba4 Na7 11. Bb3 c6 12. Rad1 Qc8 13. Kh2 Be6 14. Bxe6 Qxe6 15. Ne2 d5 16. exd5 cxd5 17. c3 Bd6 18. Kg1 Nc6 19. Rfe1 Rad8 20. Qc2 f5 21. Qb3 b5 22. Ng5 Qe8 23. Qxd5+ Kh8 24. Qb3 Rf6 25. Nf3 h6 26. Kf1 Rd7 27. c4 Bb4 28. Bd2 Bxd2 29. Nxd2 Qb8 30. Ng3 Nf4 31. Nf3 g6 32. Ne2 Nxe2 33. Rxe2 e4 34. Qc3 Kg7 35. Ng1 Nd4 36. Red2 b4 37. Qc1 e3 38. fxe3 Ne6 39. b3 Qg3 40. Nf3 Ng5 41. Nxg5 Qxg5 42. Rf2 Re6 43. Rf3 Rde7 44. Re1 a5 45. Qb2+ Kh7 46. Qd4 f4 47. e4 Qe5 48. Qxe5 Rxe5 49. Rxf4 Rd7 50. Rf3 Kg7 51. Ke2 Rg5 52. g3 h5 53. Ke3 Ra7 54. d4 a4 55. h4 Rga5 56. d5 axb3 57. axb3 Ra3 58. Kd4 Ra2 59. Rd3 Rb2 60. Ree3 Raa2 61. e5 Rf2 62. e6 Kf8 63. e7+ Ke8 64. d6 Ra7 65. Kc5 Rf5+ 66. Kxb4 Rb7+ 67. Kc3 Rd7 68. b4 g5 69. hxg5 Rxg5 70. Rf3 Rg8 71. c5 Ra7 72. Rf8+ Rxf8 1-0

[Event "Rotterdam Pathena op"]
[Site "Rotterdam"]
[Date "2015.05.03"]
[Round "2"]
[White "Gijsen, William"]
[Black "Gajadhor Sukul, Vashish"]
[Result "0-1"]
[WhiteElo "1198"]
[BlackElo "1596"]
[PlyCount "138"]
[EventDate "2015.05.02"]
[EventType "swiss"]
[EventRounds "7"]
[EventCountry "NED"]
[SourceTitle "CBM 166 Extra"]
[Source "ChessBase"]
[SourceDate "2015.06.18"]
[SourceVersion "1"]
[SourceVersionDate "2015.06.18"]
[SourceQuality "1"]

1. e4 e5 2. Nf3 Nc6 3. Nc3 Nf6 4. Bb5 Bc5 5. d3 d6 6. Bg5 a6 7. Ba4 Be6 8. Nd5 Bxd5 9. exd5 b5 10. Bxb5 axb5 11. dxc6 Ra6 12. 0-0 0-0 13. d4 exd4 14. Nxd4 Bxd4 15. Qxd4 Rxc6 16. Bxf6 Qxf6 17. Qxf6 gxf6 18. c3 Rc5 19. Rae1 Re5 20. f4 Re6 21. Rxe6 fxe6 22. Re1 Kf7 23. Re3 Ra8 24. a3 c5 25. Rd3 d5 26. Kf2 Ra4 27. Ke3 Re4+ 28. Kf3 c4 29. Rd2 h5 30. g3 Kg6 31. Rd1 Kf7 32. Ra1 e5 33. f5 Rg4 34. h3 e4+ 35. Kg2 Rg5 36. Rf1 Ke7 37. h4 Rg4 38. Rd1 Kd6 39. Kf2 Rg8 40. Rd2 Re8 41. Ke3 Re5 42. Rf2 Re8 43. Rf1 Ke5 44. Rd1 Rd8 45. Rf1 d4+ 46. cxd4+ Rxd4 47. Rf4 Rd3+ 48. Kf2 Rf3+ 49. Rxf3 exf3 50. Kxf3 Kxf5 51. Ke3 Kg4 52. Kf2 f5 53. Kg2 f4 54. gxf4 Kxf4 55. Kf2 Kg4 56. Ke3 Kxh4 57. Kd4 Kg4 58. Kc5 h4 59. Kxb5 h3 60. Kxc4 h2 61. b4 h1Q 62. Kb5 Qb7+ 63. Kc5 Qa7+ 64. Kc6 Qxa3 65. b5 Qa8+ 66. Kc7 Qa7+ 67. Kc6 Kf5 68. b6 Qb8 69. b7 Ke6 0-1